| 000 | 00653cam a2200229 4500 | ||
|---|---|---|---|
| 001 | M96002 | ||
| 008 | 090401t1998 xxu||||| |||| 00| 0 eng d | ||
| 035 | _a(Sirsi) u99653 | ||
| 041 | _aeng | ||
| 110 |
_aRoyal Institution of Chartered Surveyors _94900 |
||
| 245 | _aInland Revenue withdrawal of `cash basis` practice for professions. | ||
| 260 |
_aLondon _bRICS _c1998 |
||
| 300 | _a3p. ; 30cm. | ||
| 350 | _a0 | ||
| 490 |
_aRICS Policy Unit Submission _vPU/SUB/102 |
||
| 650 | _aACCOUNTS | ||
| 650 | _aINLAND REVENUE | ||
| 650 | _aWORK IN PROGRESS | ||
| 690 | _aPROPERTY-PROPERTY FINANCE AND INVESTMENT | ||
| 942 | _n0 | ||
| 948 | _c12/01/1999 | ||
| 999 |
_c99425 _d99425 |
||